| 000 | 01101nam a22002297a 4500 | ||
|---|---|---|---|
| 999 |
_c21686 _d21686 |
||
| 003 | AR-CdUCM | ||
| 008 | 190425b ||||| |||| 00| 0 spa d | ||
| 040 |
_aMUNICIPALIDAD PROVINCIAL DEL CUSCO _cBIBLIOTECA MUNICIPAL DEL CUSCO |
||
| 082 |
_aRev.Univ/N°8/1914 _bRev.Univ/N°8/1914 |
||
| 110 |
_aUniversidad Nacional de San Antonio Abad del Cusco _915942 |
||
| 245 |
_aRevista Universitaria : _bÓrgano de la Universidad del Cuzco / |
||
| 260 |
_aCusco : _bEl Trabajo, _cmarzo 1914. |
||
| 300 |
_a64 páginas. : _c20 cm. |
||
| 440 |
_aRevista Universitaria _nAño III, marzo 1914, N°8 _945784 |
||
| 505 | _aContenido: El Cuzco a través de la Historia. Luis Rafael Casanova. -- Paidología el niño del Cuzco. Humberto Luna. -- Discurso pronunciado por el señor Ministro de Justicia. Rafael Grau. Discurso pronunciado por el catedrático. Romualdo Aguilar. -- Revista Universitaria. | ||
| 650 |
_aHistoria del Cusco _91714 |
||
| 650 |
_aPaidología _932148 |
||
| 650 |
_aSiglo XX _945779 |
||
| 710 |
_aUniversidad Nacional de San Antonio Abad del Cusco _915942 |
||
| 942 |
_2ddc _cPP |
||
| 945 | _arac | ||